=LDR 00000nam 2200000 4500 =001 INLIS000000000005739 =005 20130612093940 =008 ***********************************Ind** =035 ##$$0010-061300000005739 =041 ##$$a Ind =082 ##$$a 174.4 =090 ##$$a 174.4, Mad e =100 ##$$a Maddux, Dorathy J =245 ##$$a Etika dalam perusahaan, Pedoman untuk manajer, Dorathy J. Daddux =260 ##$$a 1991 $b Jakarta =300 ##$$a 70 hlm., Ilus., 22 cm =650 ##$$a Etika Bisnis